Cosas de chicos 2 : libro de lecturas para la segunda etapa del primer ciclo /

Guardado en:
Autor Principal: Cabal, Graciela B.
Otros Autores: Montes, Graciela
Formato: Libro
Publicado: Buenos Aires : Kapelusz, 1985.
Materias:
Etiquetas: Agregar Etiqueta
Sin Etiquetas, Sea el primero en etiquetar este registro!
LEADER 00824nam a22002535a 4500
001 CEM.cems012525
005 20070423174606.0
008 130507s1985##################000#0#####d
003 CEMS
020 |a 8459902811 
082 0 4 |a 372.41 
100 1 |a Cabal, Graciela B. 
245 1 0 |a Cosas de chicos 2 :  |b libro de lecturas para la segunda etapa del primer ciclo /  |c Graciela B. Cabal ; graciela Montes. 
260 |a Buenos Aires :  |b  Kapelusz,  |c 1985. 
300 |a 160p. 
500 |a Libro de lectura para 1º y 2º grados. 
653 |a Biblioteca maría de los Ángeles saggio 
653 |a Educación 
653 |a Educación primaria 
653 |a Lengua 
653 |a Lengua-1º egb 
653 |a Lengua-2º egb. 
700 1 |a Montes, Graciela 
859 |a CEMS  |b BIB. CEMS - 11 de abril  |h 372.41  |i C111  |p 23802.07  |t Ej.1  |v 2º  |3 2º